Lanean...
Productiion of a play in Kutiyattam /
| Egile nagusia: | |
|---|---|
| Formatua: | Printed Book |
| Hizkuntza: | English |
| Argitaratua: |
Irinjalakkuda :
National Pub,
1989.
|
| LEADER | 00471nam a2200133Ia 4500 | ||
|---|---|---|---|
| 008 | 150624b xxu||||| |||| 00| 0 eng d | ||
| 082 | |a 793.3165483K | ||
| 100 | |a Venu, G. | ||
| 245 | |a Productiion of a play in Kutiyattam / |c G. Venu | ||
| 260 | |a Irinjalakkuda : |b National Pub, |c 1989. | ||
| 300 | |a 107 p. | ||
| 942 | |c BK | ||
| 999 | |c 40773 |d 40773 | ||
| 952 | |0 0 |1 0 |4 0 |6 793_000000000000000_3165483K_VEN_P |7 0 |9 40770 |a UL |b UL |c ST2 |d 1998-09-24 |o 793.3165483K VEN/P |p 58894 |r 2012-10-27 |w 2012-10-27 |y BK | ||